[Event "French Top 12 2013"]
[Site "Haguenau FRA"]
[Date "2013.05.30"]
[Round "1.1"]
[White "Volokitin, Andrei"]
[Black "Meier, Georg"]
[Result "1/2-1/2"]
[WhiteTitle "GM"]
[BlackTitle "GM"]
[WhiteElo "2687"]
[BlackElo "2655"]
[WhiteTeam "Bischwiller"]
[BlackTeam "Vandoeuvre-Echecs"]
[WhiteFideId "14107090"]
[BlackFideId "4675789"]
[EventDate "2013.05.30"]

1. e4 e6 2. d4 d5 3. e5 c5 4. c3 Nc6 5. Nf3 Qb6 6. Na3 cxd4 7. cxd4 Bd7 8. Nc2
Nb4 9. Ne3 Bb5 10. Bxb5+ Qxb5 11. Qe2 a6 12. Qxb5+ axb5 13. Ke2 Nxa2 14. Bd2 Ne7
15. Nc2 Nc6 16. Na3 b4 17. Rxa2 bxa3 18. Rb1 Nd8 19. Bg5 Be7 20. Bxe7 Kxe7 21.
Rxa3 Nc6 22. Rba1 Rxa3 23. Rxa3 f6 24. Ke3 Kd7 25. h4 h5 26. g3 Rc8 27. Kd2 Rf8
28. Ke3 Rc8 29. Kd2 b5 30. Ra6 b4 31. Kd3 Kc7 32. Ra1 Kd7 33. Ra6 Kc7 34. Ra1
Rf8 35. exf6 gxf6 36. Nd2 e5 37. Nb3 Rg8 38. Rc1 Kd6 39. Ra1 Rg4 1/2-1/2

[Event "French Top 12 2013"]
[Site "Haguenau FRA"]
[Date "2013.05.30"]
[Round "1.2"]
[White "Bauer, Christian"]
[Black "Ragger, Markus"]
[Result "0-1"]
[WhiteTitle "GM"]
[BlackTitle "GM"]
[WhiteElo "2638"]
[BlackElo "2666"]
[WhiteTeam "Vandoeuvre-Echecs"]
[BlackTeam "Bischwiller"]
[WhiteFideId "603767"]
[BlackFideId "1610856"]
[EventDate "2013.05.30"]

1. e4 c6 2. d4 d5 3. f3 Qb6 4. a4 e5 5. dxe5 a5 6. Bd3 Bc5 7. Kf1 dxe4 8. fxe4
Be6 9. Nf3 Nd7 10. Na3 Qc7 11. Bf4 Ne7 12. Nc4 O-O 13. Bg3 Ng6 14. c3 Rad8 15.
Qe2 Bxc4 16. Bxc4 Ndxe5 17. Re1 Qe7 18. Nxe5 Nxe5 19. Bxe5 Qxe5 20. g3 Qg5 21.
Qf3 Rd6 22. h4 Qe5 23. Kg2 Rf6 24. Qg4 Bf2 25. Qg5 Qc7 26. Ref1 Rg6 27. Qxg6
hxg6 28. Rxf2 Qe7 29. Rf4 Kh7 30. Re1 f6 31. e5 b5 32. Bd3 Rd8 33. Rf3 f5 34.
axb5 cxb5 35. h5 gxh5 36. Bxf5+ Kh6 37. Re2 b4 38. cxb4 Qxb4 39. e6 Rd2 40. Rff2
Rxe2 41. Rxe2 Qb5 42. Rf2 Qe5 43. Bh3 g5 44. Bf5 g4 45. Kf1 Kg5 46. b3 Qe3 47.
Re2 Qf3+ 48. Ke1 Qxg3+ 49. Kd2 Qf4+ 50. Re3 Qxf5 51. e7 Qd7+ 0-1

[Event "French Top 12 2013"]
[Site "Haguenau FRA"]
[Date "2013.05.30"]
[Round "1.3"]
[White "Buhmann, Rainer"]
[Black "Landa, Konstantin"]
[Result "0-1"]
[WhiteTitle "GM"]
[BlackTitle "GM"]
[WhiteElo "2578"]
[BlackElo "2644"]
[WhiteTeam "Bischwiller"]
[BlackTeam "Vandoeuvre-Echecs"]
[WhiteFideId "4651340"]
[BlackFideId "4101685"]
[EventDate "2013.05.30"]

1. d4 Nf6 2. Nf3 d5 3. c4 e6 4. Nc3 Bb4 5. Qa4+ Nc6 6. a3 Bxc3+ 7. bxc3 Ne4 8.
Bb2 Nd6 9. e3 dxc4 10. Bxc4 Nxc4 11. Qxc4 Qd5 12. Qe2 Na5 13. O-O Qc4 14. Qc2
Qb3 15. Rfc1 Qxc2 16. Rxc2 Nc4 17. Nd2 Nxb2 18. Rxb2 b6 19. c4 Bd7 20. f3 Ke7
21. Kf2 Rhc8 22. a4 a5 23. Ne4 Rd8 24. Nc3 Be8 25. Rd1 f5 26. Rbd2 Bf7 27. e4
fxe4 28. Nxe4 Rd7 29. Ke3 Rb8 30. Rb1 Be8 31. Rb5 c5 32. d5 exd5 33. cxd5 Rdd8
34. Rb1 Bxa4 35. Rdb2 Rxd5 36. Nc3 Rd4 37. Nxa4 Rxa4 38. Rxb6 Rxb6 39. Rxb6 Ra2
40. Rc6 Rc2 41. g4 a4 42. Rc7+ Kf6 43. Ra7 Ra2 44. h4 a3 45. Kd3 Ra1 46. Kc2 h6
47. Ra6+ Ke5 48. Ra7 g5 49. hxg5 hxg5 50. Rf7 Kd4 51. Ra7 c4 52. Ra8 Ke3 0-1

[Event "French Top 12 2013"]
[Site "Haguenau FRA"]
[Date "2013.05.30"]
[Round "1.4"]
[White "Jansa, Vlastimil"]
[Black "Le Roux, Jean-Pierre"]
[Result "0-1"]
[WhiteTitle "GM"]
[BlackTitle "GM"]
[WhiteElo "2438"]
[BlackElo "2576"]
[WhiteTeam "Vandoeuvre-Echecs"]
[BlackTeam "Bischwiller"]
[WhiteFideId "300128"]
[BlackFideId "609404"]
[EventDate "2013.05.30"]

1. e4 e5 2. Nf3 Nc6 3. Bb5 Nf6 4. O-O Nxe4 5. Re1 Nd6 6. Nxe5 Be7 7. Bf1 Nxe5 8.
Rxe5 O-O 9. Nc3 Bf6 10. Re1 Re8 11. Rxe8+ Qxe8 12. d4 Nf5 13. Bf4 d6 14. Nd5 Bd8
15. Qd2 Be6 16. c4 Bxd5 17. cxd5 Qa4 18. Bd3 Nxd4 19. Rc1 Bf6 20. Rxc7 Qxa2 21.
h3 b5 22. Be4 Re8 23. b4 Qa1+ 24. Kh2 g6 25. Qd3 a6 26. g3 Qb2 27. Ra7 Qxb4 28.
Rxa6 Kg7 29. Be3 Nf5 30. Bg2 Qb2 31. Bd2 Qd4 32. Qxd4 Bxd4 33. Bf1 Bxf2 34. g4
Bg3+ 35. Kg1 Nh4 36. Ra3 Be1 37. Bf4 Bb4 38. Rb3 Bc5+ 39. Kh2 b4 40. Kg3 Re1 41.
Bb5 Rg1+ 42. Kh2 Rg2+ 43. Kh1 Rf2 44. Bg3 Rf3 45. Rxf3 Nxf3 46. Kg2 Nd4 47. Bd3
b3 48. Be1 Nc2 49. Bc3+ Kf8 50. Kf3 Ne3 51. Bb2 Ke7 52. g5 Kd7 53. h4 Kc7 54.
Ke2 Kb6 55. Kd2 Ka5 56. Kc1 Kb4 0-1

[Event "French Top 12 2013"]
[Site "Haguenau FRA"]
[Date "2013.05.30"]
[Round "1.7"]
[White "Marcelin, Cyril"]
[Black "Le Corre, Benjamin"]
[Result "1-0"]
[WhiteTitle "GM"]
[BlackTitle "FM"]
[WhiteElo "2488"]
[BlackElo "2300"]
[WhiteTeam "Bischwiller"]
[BlackTeam "Vandoeuvre-Echecs"]
[WhiteFideId "607274"]
[BlackFideId "639605"]
[EventDate "2013.05.30"]

1. Nf3 Nf6 2. c4 g6 3. Nc3 Bg7 4. d4 d6 5. e4 O-O 6. h3 a6 7. Be3 c6 8. c5 Nbd7
9. Rb1 a5 10. Bd3 b6 11. e5 Ne8 12. cxd6 exd6 13. Bg5 f6 14. exf6 Ndxf6 15. O-O
Kh8 16. d5 c5 17. Qa4 Qd7 18. Qh4 Qf7 19. Rfe1 Nc7 20. Bf4 Bf5 21. Bxf5 gxf5 22.
Bxd6 Nfxd5 23. Ng5 Qg8 24. Nxd5 Nxd5 25. Bxf8 Rxf8 26. Ne6 Rc8 27. Rbd1 Nf6 28.
Qg5 1-0

[Event "French Top 12 2013"]
[Site "Haguenau FRA"]
[Date "2013.05.30"]
[Round "1.8"]
[White "Steil-Antoni, Fiona"]
[Black "Maisuradze, Nino"]
[Result "1-0"]
[WhiteTitle "WIM"]
[BlackTitle "WGM"]
[WhiteElo "2149"]
[BlackElo "2304"]
[WhiteTeam "Vandoeuvre-Echecs"]
[BlackTeam "Bischwiller"]
[WhiteFideId "4001249"]
[BlackFideId "13601717"]
[EventDate "2013.05.30"]

1. e4 c5 2. Nf3 Nc6 3. Bb5 Nf6 4. e5 Nd5 5. O-O Nc7 6. Bxc6 dxc6 7. Nc3 Bg4 8.
d3 Ne6 9. Re1 Nd4 10. Ne4 Bxf3 11. gxf3 Qd5 12. f4 e6 13. Be3 O-O-O 14. c3 Nf5
15. Qa4 Nxe3 16. Rxe3 Kb8 17. Ng5 Qd7 18. Rd1 h6 19. Ne4 Be7 20. d4 f5 21. Nd6
cxd4 22. Rxd4 c5 23. Nb5 a6 24. Rxd7 Rxd7 25. Nd6 Rhd8 26. Qb3 g5 27. Qxe6 gxf4
28. Rd3 Bh4 29. Kf1 Re7 30. Qxh6 1-0

[Event "French Top 12 2013"]
[Site "Haguenau FRA"]
[Date "2013.05.30"]
[Round "1.1"]
[White "Gajewski, Grzegorz"]
[Black "David, Alberto"]
[Result "1-0"]
[WhiteTitle "GM"]
[BlackTitle "GM"]
[WhiteElo "2653"]
[BlackElo "2584"]
[WhiteTeam "Mulhouse Philidor"]
[BlackTeam "L'Echiquier Chalonnais"]
[WhiteFideId "1116207"]
[BlackFideId "4000013"]
[EventDate "2013.05.30"]

1. d4 Nf6 2. c4 e6 3. Nf3 Bb4+ 4. Nbd2 b6 5. a3 Bxd2+ 6. Qxd2 Bb7 7. e3 O-O 8.
Be2 d6 9. O-O Nbd7 10. b4 Ne4 11. Qc2 f5 12. d5 exd5 13. Nd4 Qf6 14. f3 Ng5 15.
cxd5 Bxd5 16. Bc4 Bxc4 17. Qxc4+ Rf7 18. h4 Nxf3+ 19. gxf3 c5 20. Nb3 Ne5 21.
Qd5 Re8 22. Ra2 Qxh4 23. Rg2 Qc4 24. Qxc4 Nxc4 25. Re2 Re6 26. Kf2 Rfe7 27. Rd1
Rh6 28. f4 a5 29. bxa5 bxa5 30. Rg1 a4 31. Nd2 Rh2+ 32. Rg2 Rxg2+ 33. Kxg2 Nb6
34. Kf2 h6 35. Nf3 Nd5 36. Rb2 Nc3 37. Rb8+ Kh7 38. Nh4 Rf7 39. Ke1 d5 40. Bb2
d4 41. Bxc3 dxc3 42. Rc8 g5 43. Nf3 Re7 44. Ne5 gxf4 45. exf4 Rb7 46. Rxc5 Rb3
47. Kd1 Rxa3 48. Kc2 Ra2+ 49. Kxc3 a3 50. Rc7+ Kg8 51. Ra7 h5 52. Kd4 Ra1 53.
Kd5 1-0

[Event "French Top 12 2013"]
[Site "Haguenau FRA"]
[Date "2013.05.30"]
[Round "1.2"]
[White "Sokolov, Ivan"]
[Black "Wojtaszek, Radoslaw"]
[Result "1/2-1/2"]
[WhiteTitle "GM"]
[BlackTitle "GM"]
[WhiteElo "2642"]
[BlackElo "2701"]
[WhiteTeam "L'Echiquier Chalonnais"]
[BlackTeam "Mulhouse Philidor"]
[WhiteFideId "14400030"]
[BlackFideId "1118358"]
[EventDate "2013.05.30"]

1. d4 Nf6 2. c4 e6 3. Nc3 Bb4 4. e3 O-O 5. Bd3 c5 6. Nf3 d5 7. O-O cxd4 8. exd4
dxc4 9. Bxc4 b6 10. Be3 Bb7 11. Rc1 Nc6 12. Qe2 Ne7 13. Rfd1 Nf5 14. Bg5 h6 15.
d5 e5 16. Bxf6 Qxf6 17. Qxe5 Qxe5 18. Nxe5 Nd6 19. Nb5 Nxb5 20. Bxb5 Bd6 21. Nf3
Rac8 22. Bc6 Ba6 23. Nd4 g6 24. a3 Rc7 25. b4 Rd8 26. g3 Be5 27. Nc2 Bc4 28. Ne3
Be2 29. Re1 Bf3 30. b5 Bd6 31. Nc4 Bg4 32. Rc3 Bc5 33. Kg2 Re7 34. Rxe7 Bxe7 35.
f3 Bc8 36. Rd3 Bc5 37. g4 h5 38. h3 hxg4 39. hxg4 Kg7 40. Kg3 g5 41. Rd2 f5 42.
Re2 Kf6 43. Rh2 Kg6 44. Ne5+ Kf6 45. Nc4 Kg6 46. a4 Kg7 47. Rh5 Kg6 48. Ne5+ Kf6
49. f4 gxf4+ 50. Kxf4 fxg4 51. Nxg4+ Bxg4 52. Kxg4 Rg8+ 53. Kf3 Rg5 54. Rh8 Rf5+
55. Ke2 Re5+ 56. Kd2 Re4 57. Kc2 Rxa4 58. Rh6+ Kg5 1/2-1/2

[Event "French Top 12 2013"]
[Site "Haguenau FRA"]
[Date "2013.05.30"]
[Round "1.3"]
[White "Sokolov, Andrei1"]
[Black "Krasenkow, Michal"]
[Result "1-0"]
[WhiteTitle "GM"]
[BlackTitle "GM"]
[WhiteElo "2563"]
[BlackElo "2642"]
[WhiteTeam "Mulhouse Philidor"]
[BlackTeam "L'Echiquier Chalonnais"]
[WhiteFideId "627089"]
[BlackFideId "1113100"]
[EventDate "2013.05.30"]

1. e4 c5 2. Nf3 Nc6 3. d4 cxd4 4. Nxd4 Nf6 5. Nc3 e5 6. Ndb5 d6 7. Bg5 a6 8. Na3
b5 9. Nd5 Be7 10. Bxf6 Bxf6 11. c3 Ne7 12. Nxf6+ gxf6 13. Be2 Bb7 14. Bf3 Qb6
15. Nc2 d5 16. exd5 Rd8 17. Qe2 Nxd5 18. O-O-O O-O 19. Be4 Nf4 20. Qg4+ Kh8 21.
Bxb7 Qxb7 22. Qf5 Qc6 23. Nb4 Qb6 24. g3 Ng6 25. Rxd8 Rxd8 26. Rd1 Rxd1+ 27.
Kxd1 Kg7 28. Ke2 a5 29. Nd5 Qc6 30. Qd3 h5 31. Ne3 Qe6 32. Qd5 Ne7 33. Qxe6 fxe6
34. c4 bxc4 35. Nxc4 Nc6 36. a3 e4 37. Kd2 f5 38. Kc3 Kf6 39. b4 axb4+ 40. axb4
e5 41. b5 Nd8 42. Kb4 Nb7 43. b6 Ke6 44. Na5 Kd5 1-0

[Event "French Top 12 2013"]
[Site "Haguenau FRA"]
[Date "2013.05.30"]
[Round "1.4"]
[White "Edouard, Romain"]
[Black "Shoker, Samy"]
[Result "1-0"]
[WhiteTitle "GM"]
[BlackTitle "IM"]
[WhiteElo "2659"]
[BlackElo "2469"]
[WhiteTeam "L'Echiquier Chalonnais"]
[BlackTeam "Mulhouse Philidor"]
[WhiteFideId "633429"]
[BlackFideId "627143"]
[EventDate "2013.05.30"]

1. d4 Nf6 2. c4 c5 3. d5 e6 4. Nc3 exd5 5. cxd5 d6 6. Nf3 g6 7. Bf4 a6 8. a4 Bg7
9. h3 O-O 10. e3 Qe7 11. Nd2 Nbd7 12. Be2 Ne8 13. O-O f5 14. Bh2 g5 15. Nc4 Rb8
16. Re1 Ne5 17. Bxe5 Bxe5 18. Nxe5 Qxe5 19. Qd2 Nf6 20. f4 gxf4 21. exf4 Qd4+
22. Qxd4 cxd4 23. Nb1 Bd7 24. Nd2 Rfe8 25. Nc4 b5 26. Nxd6 Re3 27. axb5 axb5 28.
Kf1 Nxd5 29. Ra7 Be6 30. Rd1 Nxf4 31. Bxb5 d3 32. Ra4 Bb3 33. Bc4+ Bxc4 34. Rxc4
Ne6 35. Nxf5 Rf8 36. Rc8 Rxc8 37. Nxe3 Rf8+ 38. Ke1 Rb8 39. Rb1 Nc5 40. Kd2 Rb3
41. Nc4 Na4 42. Kc1 Kg7 43. Ra1 Rb4 44. Nd2 Kf6 45. b3 Nc3 46. Kb2 Nd5 47. Nc4
Nf4 48. Rf1 Kg5 49. Ka3 Nd5 50. Rd1 Rb7 51. Rxd3 Ra7+ 52. Kb2 Nf4 53. Rf3 Ne6
54. Nd6 Nd4 55. Ne4+ Kg6 56. Rf6+ Kg7 57. Rd6 Nf5 58. Rd5 Ne3 59. Rd3 Nf5 60.
Nd6 Ne7 61. b4 Kf6 62. b5 Ke6 63. Ne4 Nd5 64. Kb3 Ra5 65. Kc4 Nb6+ 66. Kc5 Nd7+
67. Kb4 Ra2 68. Rd2 Rxd2 69. Nxd2 Kd6 70. Ne4+ Ke5 71. Nc5 Nb6 1-0

[Event "French Top 12 2013"]
[Site "Haguenau FRA"]
[Date "2013.05.30"]
[Round "1.5"]
[White "Degraeve, Jean-Marc"]
[Black "Cossin, Sebastien"]
[Result "1/2-1/2"]
[WhiteTitle "GM"]
[BlackTitle "IM"]
[WhiteElo "2567"]
[BlackElo "2509"]
[WhiteTeam "Mulhouse Philidor"]
[BlackTeam "L'Echiquier Chalonnais"]
[WhiteFideId "600270"]
[BlackFideId "618802"]
[EventDate "2013.05.30"]

1. e4 c5 2. Nc3 d6 3. f4 Nc6 4. Nf3 g6 5. Bb5 Bd7 6. O-O Bg7 7. d3 a6 8. Bxc6
Bxc6 9. Qe1 Qc7 10. a4 Nf6 11. a5 O-O 12. b3 b5 13. axb6 Qxb6 14. Kh1 Qb7 15.
Ra2 Nd7 16. Bb2 e6 17. Nd1 f6 18. Qg3 e5 19. fxe5 Nxe5 20. Ne3 a5 21. Nxe5 fxe5
22. Rfa1 a4 23. bxa4 Rxa4 24. Rxa4 Bxa4 25. Bc3 Bxc2 26. Nxc2 Qb3 27. Ne3 Qxc3
28. Rd1 Qb3 29. Qe1 Ra8 30. Qe2 Ra2 31. Qg4 Rf2 32. Kg1 Rf7 33. Qe2 Bh6 34. Nc4
Qc3 35. g3 d5 36. exd5 Qd4+ 37. Kg2 Qxd5+ 38. Qe4 Rd7 39. Qxd5+ Rxd5 40. Kf3 Bg7
41. Ke2 Rd4 42. Nd2 Ra4 43. Ne4 Bf8 44. Rb1 Be7 45. Rb7 Kf8 46. h4 c4 47. dxc4
Rxc4 48. Kf3 h5 49. Rb5 Rb4 1/2-1/2

[Event "French Top 12 2013"]
[Site "Haguenau FRA"]
[Date "2013.05.30"]
[Round "1.6"]
[White "Salgado Lopez, Ivan"]
[Black "Riff, Jean-Noel"]
[Result "1-0"]
[WhiteTitle "GM"]
[BlackTitle "IM"]
[WhiteElo "2598"]
[BlackElo "2458"]
[WhiteTeam "L'Echiquier Chalonnais"]
[BlackTeam "Mulhouse Philidor"]
[WhiteFideId "2257327"]
[BlackFideId "611190"]
[EventDate "2013.05.30"]

1. e4 c5 2. c3 d5 3. exd5 Qxd5 4. Nf3 g6 5. d4 Bg7 6. Na3 Nf6 7. Bc4 Qe4+ 8. Be3
O-O 9. O-O cxd4 10. Nxd4 Qe5 11. h3 Nc6 12. Nxc6 bxc6 13. Re1 Qc7 14. Qf3 Qb7
15. Bc5 Re8 16. Bb3 Nd5 17. Nc4 Be6 18. Ba3 Rad8 19. Ne5 Qc7 20. Qg3 Bf6 21. Re2
Kg7 22. Rae1 Bc8 23. Ba4 Bd7 24. h4 Nb6 25. Bb3 Nd5 26. h5 Be6 27. Ba4 Bxe5 28.
Rxe5 Nf6 29. h6+ Kh8 30. Qh4 Rd5 31. Rxd5 Nxd5 32. Bb3 Qf4 33. Qxf4 Nxf4 34. Ba4
Bd5 35. f3 e5 36. b3 1-0

[Event "French Top 12 2013"]
[Site "Haguenau FRA"]
[Date "2013.05.30"]
[Round "1.7"]
[White "Ider, Borya"]
[Black "Dourerassou, Jonathan"]
[Result "0-1"]
[WhiteTitle "FM"]
[BlackTitle "IM"]
[WhiteElo "2389"]
[BlackElo "2464"]
[WhiteTeam "Mulhouse Philidor"]
[BlackTeam "L'Echiquier Chalonnais"]
[WhiteFideId "4901134"]
[BlackFideId "628050"]
[EventDate "2013.05.30"]

1. d4 Nf6 2. Nf3 g6 3. g3 d5 4. Bg2 Bg7 5. O-O O-O 6. c4 dxc4 7. Na3 Nc6 8. Nxc4
Be6 9. b3 a5 10. a4 Bd5 11. e3 Qb8 12. Ba3 b5 13. Nce5 b4 14. Bb2 Qb7 15. Nxc6
Bxc6 16. Rc1 Be4 17. Ne1 Rfd8 18. f3 Bf5 19. Nd3 Qb6 20. Re1 Nd7 21. f4 Rac8 22.
Rc6 Qa7 23. g4 Be6 24. d5 Bxd5 25. Bxd5 Bxb2 26. Nxb2 Nb8 27. Qf3 Nxc6 28. Bxc6
Qc5 29. Nc4 Rd3 30. Ne5 Rd6 31. Bb5 Qc3 32. Kf1 Qxb3 33. Bc4 Qc2 34. Bxf7+ Kg7
35. Bd5 Rcd8 36. Be4 Qxa4 37. Qh3 Rd1 38. Nf3 Qb5+ 39. Kg1 Qe2 40. Qh4 Rxe1+ 0-1

[Event "French Top 12 2013"]
[Site "Haguenau FRA"]
[Date "2013.05.30"]
[Round "1.8"]
[White "Benmesbah, Natacha"]
[Black "Choisy, Mathilde"]
[Result "1-0"]
[WhiteTitle "WIM"]
[BlackTitle "WFM"]
[WhiteElo "2237"]
[BlackElo "2166"]
[WhiteTeam "L'Echiquier Chalonnais"]
[BlackTeam "Mulhouse Philidor"]
[WhiteFideId "642002"]
[BlackFideId "634565"]
[EventDate "2013.05.30"]

1. e4 c5 2. Nf3 e6 3. g3 Nc6 4. Bg2 Nf6 5. Qe2 d5 6. exd5 Nxd5 7. O-O Be7 8. Rd1
O-O 9. d4 cxd4 10. Nxd4 Nxd4 11. Rxd4 Bc5 12. Rd1 Qf6 13. c4 Nb4 14. Nc3 Qe7 15.
a3 Nc6 16. b4 Bd4 17. Bb2 Bf6 18. Nb5 Bxb2 19. Qxb2 Rd8 20. c5 Bd7 21. Nd6 Rab8
22. b5 Na5 23. Qb4 b6 24. c6 Be8 25. Rac1 Rbc8 26. Nxc8 1-0

[Event "French Top 12 2013"]
[Site "Haguenau FRA"]
[Date "2013.05.30"]
[Round "1.1"]
[White "Zherebukh, Yaroslav"]
[Black "Wirig, Anthony"]
[Result "1-0"]
[WhiteTitle "GM"]
[BlackTitle "GM"]
[WhiteElo "2629"]
[BlackElo "2498"]
[WhiteTeam "Evry Grand Roque"]
[BlackTeam "Club d'Echecs Metz Fischer"]
[WhiteFideId "14116804"]
[BlackFideId "615013"]
[EventDate "2013.05.30"]

1. e4 e6 2. d4 d5 3. e5 c5 4. c3 Qb6 5. Nf3 Nc6 6. a3 f6 7. Bd3 fxe5 8. dxe5 c4
9. Bc2 Nh6 10. O-O Nf7 11. Qe2 g6 12. Ra2 Bg7 13. Bf4 Qd8 14. Nbd2 Bd7 15. b3
cxb3 16. Nxb3 O-O 17. h4 Qc7 18. Re1 Ne7 19. Bd3 Nh6 20. Bg5 Rae8 21. c4 Ng4 22.
Rc2 Nc6 23. Qd1 Ngxe5 24. Nxe5 Bxe5 25. h5 Bh2+ 26. Kf1 Bf4 27. Bxf4 Qxf4 28.
hxg6 hxg6 29. Bxg6 Re7 30. Qh5 Rg7 31. cxd5 exd5 32. Qxd5+ Kh8 33. Qh5+ Kg8 34.
Bd3 1-0

[Event "French Top 12 2013"]
[Site "Haguenau FRA"]
[Date "2013.05.30"]
[Round "1.4"]
[White "Koch, Jean-Rene"]
[Black "Sochacki, Christophe"]
[Result "0-1"]
[WhiteTitle "IM"]
[BlackTitle "IM"]
[WhiteElo "2473"]
[BlackElo "2414"]
[WhiteTeam "Club d'Echecs Metz Fischer"]
[BlackTeam "Evry Grand Roque"]
[WhiteFideId "600148"]
[BlackFideId "662569"]
[EventDate "2013.05.30"]

1. c4 c5 2. g3 Nf6 3. Bg2 d5 4. cxd5 Nxd5 5. Nc3 Nc7 6. Nf3 Nc6 7. d3 e5 8. Nd2
Be7 9. Nc4 f6 10. Bxc6+ bxc6 11. Qa4 Bd7 12. f4 exf4 13. Bxf4 Nb5 14. Qa5 O-O
15. Qxd8 Raxd8 16. Kf2 g5 17. Bd2 Bh3 18. Na5 Nxc3 19. bxc3 Rd6 20. Rab1 f5 21.
Rb7 Bf6 22. Rhb1 f4 23. gxf4 gxf4 24. Rb8 Bd8 25. Rg1+ Kh8 26. Kf3 h5 27. Nb7
Bg4+ 28. Rxg4 hxg4+ 29. Kxg4 Rg6+ 30. Kf3 Be7 31. Rxf8+ Bxf8 32. Bxf4 Rg1 33. c4
Kg8 34. Na5 Rf1+ 35. Ke4 Ra1 36. Nxc6 Rxa2 37. e3 a5 38. d4 a4 39. dxc5 a3 40.
Nb4 Rb2 41. Na2 Bxc5 42. Nc1 a2 43. Nxa2 Rxa2 44. h4 Kf7 45. h5 Bf8 46. h6 Ra5
47. h7 Rh5 0-1

[Event "French Top 12 2013"]
[Site "Haguenau FRA"]
[Date "2013.05.30"]
[Round "1.5"]
[White "Milliet, Sophie"]
[Black "Terrieux, Kevin"]
[Result "1-0"]
[WhiteTitle "IM"]
[BlackTitle "IM"]
[WhiteElo "2391"]
[BlackElo "2427"]
[WhiteTeam "Evry Grand Roque"]
[BlackTeam "Club d'Echecs Metz Fischer"]
[WhiteFideId "623725"]
[BlackFideId "622591"]
[EventDate "2013.05.30"]

1. e4 c5 2. Nf3 g6 3. d4 cxd4 4. Nxd4 Nc6 5. Nc3 Bg7 6. Be3 Nf6 7. Bc4 O-O 8.
Bb3 a5 9. O-O a4 10. Nxa4 Nxe4 11. Nb5 d5 12. f3 d4 13. Nxd4 Nxd4 14. fxe4 b5
15. Nc5 Nxb3 16. Qxd8 Rxd8 17. axb3 Bg4 18. Rxa8 Rxa8 19. h3 Bc8 20. c3 Be5 21.
Rd1 Bd6 22. b4 f5 23. exf5 gxf5 24. Nb3 Kf7 25. Bc5 Bc7 26. Nd4 Bd7 27. Nf3 Bc6
28. Re1 Bg3 29. Rxe7+ Kf6 30. Ra7 Bxf3 31. gxf3 Re8 32. Bf2 1-0

[Event "French Top 12 2013"]
[Site "Haguenau FRA"]
[Date "2013.05.30"]
[Round "1.6"]
[White "Neiman, Emmanuel"]
[Black "Relange, Eloi"]
[Result "1/2-1/2"]
[WhiteTitle "FM"]
[BlackTitle "GM"]
[WhiteElo "2338"]
[BlackElo "2470"]
[WhiteTeam "Club d'Echecs Metz Fischer"]
[BlackTeam "Evry Grand Roque"]
[WhiteFideId "601616"]
[BlackFideId "600822"]
[EventDate "2013.05.30"]

1. d4 Nf6 2. c4 g6 3. Nc3 Bg7 4. Nf3 O-O 5. Bf4 c5 6. d5 d6 7. e4 a6 8. a4 Nh5
9. Be3 e6 10. Be2 exd5 11. cxd5 Bg4 12. h3 Bxf3 13. Bxf3 Nf6 14. O-O Nbd7 15.
Be2 Re8 16. Qc2 Qe7 17. Bd3 Ne5 1/2-1/2

[Event "French Top 12 2013"]
[Site "Haguenau FRA"]
[Date "2013.05.30"]
[Round "1.7"]
[White "Moussard, Jules"]
[Black "Taddei, Benoit"]
[Result "1-0"]
[WhiteTitle "IM"]
[BlackTitle "FM"]
[WhiteElo "2437"]
[BlackElo "2374"]
[WhiteTeam "Evry Grand Roque"]
[BlackTeam "Club d'Echecs Metz Fischer"]
[WhiteFideId "642908"]
[BlackFideId "610151"]
[EventDate "2013.05.30"]

1. g3 d5 2. Bg2 e5 3. d3 Nc6 4. a3 a5 5. Nd2 f5 6. e3 Nf6 7. Ne2 Be7 8. b3 O-O
9. Bb2 Be6 10. O-O Qe8 11. c4 Rd8 12. Rc1 Qh5 13. Nc3 Qg6 14. Qe2 Rfe8 15. cxd5
Nxd5 16. Nc4 Bf6 17. Nb5 Rd7 18. e4 Nde7 19. Bc3 f4 20. Nxa5 Nxa5 21. Bxa5 b6
22. Bd2 fxg3 23. Nxc7 Bg4 24. f3 gxh2+ 25. Kh1 Rc8 26. fxg4 Rdxc7 27. Rxc7 Rxc7
28. d4 exd4 29. e5 Bg5 30. Be4 Qh6 31. Qf3 Rc8 32. Qf7+ Kh8 33. Qf8+ Ng8 34.
Qxc8 1-0

[Event "French Top 12 2013"]
[Site "Haguenau FRA"]
[Date "2013.05.30"]
[Round "1.8"]
[White "Leconte, Maria"]
[Black "Bergez, Luc"]
[Result "1/2-1/2"]
[WhiteTitle "WGM"]
[BlackTitle "IM"]
[WhiteElo "2225"]
[BlackElo "2399"]
[WhiteTeam "Club d'Echecs Metz Fischer"]
[BlackTeam "Evry Grand Roque"]
[WhiteFideId "618446"]
[BlackFideId "606600"]
[EventDate "2013.05.30"]

1. e4 c6 2. d4 d5 3. exd5 cxd5 4. Bd3 Nc6 5. c3 Nf6 6. Bf4 Bg4 7. Qb3 Na5 8.
Qa4+ Bd7 9. Qc2 Qb6 10. Nf3 Bb5 11. Bxb5+ Qxb5 12. Na3 Qb6 13. Qa4+ Nc6 14. O-O
a6 15. Qb3 Qa7 16. c4 e6 17. c5 Be7 18. Nc2 O-O 19. h3 Ne4 20. Ne3 a5 21. a4 Nb4
22. Nc2 Nxc2 23. Qxc2 Rfc8 24. Qb3 Bd8 25. Qb5 Bc7 26. Bxc7 Rxc7 27. Ne5 f6 28.
Nd3 Rb8 29. Nf4 b6 30. cxb6 Qxb6 31. Nxe6 Qxb5 32. axb5 Re7 33. Nf4 Rxb5 34.
Rfe1 Kf7 35. Nd3 Nd2 36. Rxe7+ Kxe7 37. Ra4 Nb3 38. Kf1 Kd6 39. Ke2 Rb6 40. Ke3
Rb7 41. Nc5 Rb5 42. Nd3 Kc6 43. Nf4 Rb6 44. Kd3 g5 45. Ne2 Rb4 46. Rxb4 axb4 47.
Ng3 Kd7 48. Nf5 Na5 49. Ne3 Ke6 50. g4 Nc6 51. Nf5 Kd7 52. Ne3 Ne7 53. Nc2 Ng6
54. Nxb4 Nf4+ 55. Ke3 Kd6 56. Nd3 Nxh3 57. Kf3 Ng1+ 58. Ke3 Nh3 59. Kf3 Ng1+ 1/2-1/2

[Event "French Top 12 2013"]
[Site "Haguenau FRA"]
[Date "2013.05.30"]
[Round "1.1"]
[White "Inkiov, Ventzislav"]
[Black "Sanikidze, Tornike"]
[Result "0-1"]
[WhiteTitle "GM"]
[BlackTitle "GM"]
[WhiteElo "2465"]
[BlackElo "2549"]
[WhiteTeam "Migne Echecs"]
[BlackTeam "C.E. Strasbourg"]
[WhiteFideId "2900033"]
[BlackFideId "13602608"]
[EventDate "2013.05.30"]

1. d4 d5 2. c4 e6 3. Nf3 Nf6 4. g3 dxc4 5. Bg2 Nc6 6. O-O Rb8 7. Nc3 b5 8. Ne5
Nxe5 9. dxe5 Nd7 10. Qd4 c5 11. Qe3 Qc7 12. a4 a6 13. axb5 axb5 14. f4 Be7 15.
Rd1 O-O 16. Ne4 Nb6 17. Qf2 Bb7 18. Ra7 Nc8 19. Ra1 Nb6 20. Ra7 Nc8 21. Ra1 Bxe4
22. Bxe4 Nb6 23. Bd2 Na4 24. Bc2 Nxb2 25. Rdb1 Na4 26. f5 Rfd8 27. f6 Rxd2 28.
Bxa4 Bf8 29. Qe3 c3 30. Rxb5 c4 31. Rxb8 Qxb8 32. Bc6 g6 33. Bf3 Qb4 34. Ra8 c2 0-1